| 000 | 01286nam a2200385Ii 4500 | ||
|---|---|---|---|
| 001 | DIGBIN02318 | ||
| 003 | NyNyDIG | ||
| 006 | m o d | ||
| 007 | cr ||||||||||| | ||
| 008 | 100625s1999 sp o 000|0 spa d | ||
| 020 | _z8470307053 | ||
| 020 | _z9788470307058 | ||
| 035 | _a(OCoLC)888257113 | ||
| 040 |
_aDGITA _beng _epn _cDGITA |
||
| 050 | 1 | 4 | _aBF175 eBook |
| 100 | 1 | _aTubert, Silvia. | |
| 245 | 1 | 0 |
_aMalestar en la palabra : _bel pensamiento crítico de Freud y la Viena de su tiempo / _cSilvia Tubert. |
| 264 | 1 |
_aMadrid : _bBiblioteca Nueva, _c1999. |
|
| 300 | _a1 online resource (332 pages) | ||
| 336 |
_atext _btxt _2rdacontent |
||
| 337 |
_acomputer _bc _2rdamedia |
||
| 338 |
_aonline resource _bcr _2rdacarrier |
||
| 490 | 1 | _aEnsayos | |
| 504 | _aIncludes bibliographical references (p. 323-332) | ||
| 600 | 1 | 0 |
_aFreud, Sigmund, _d1856-1939. |
| 650 | 0 | _aPsychoanalysis and culture. | |
| 650 | 0 | _aLinguistics. | |
| 655 | 0 | _aElectronic books. | |
| 791 | 2 |
_aDigitalia (Firm), _edistributor. |
|
| 830 | 0 | _aEnsayos (Biblioteca Nueva (Firm)) | |
| 793 | 0 |
_gDigitalia eBook Collection: _aBiblioteca Nueva |
|
| 856 | 4 | 0 |
_3Digitalia Hispánica _uhttps://www.digitaliapublishing.com/a/4609/ |
| 910 | _aPremium Collection: 2007-2012 | ||
| 942 | _cRAA | ||
| 999 |
_c230893 _d230893 |
||